000 00490nam a2200193Ia 4500
005 20250423101130.0
008 250422s9999 xx 000 0 und d
020 _a0-13-110370-9
050 _aQA 76.73.C15 .K47/
100 _aBrian W. Kernighan
245 4 _aThe "C" Programming Language
250 _a2nd ed.
260 _aNew Jersey
260 _bPrentice Hall PTR, Ehglewood Cliffs,
260 _c1988
300 _a272 p
650 _aComputer Program Language
942 _cBK
999 _c35382
_d35382